| 000 | 00726 a2200229 4500 | ||
|---|---|---|---|
| 003 | OSt | ||
| 005 | 20260306103120.0 | ||
| 008 | 260306b |||||||| |||| 00| 0 eng d | ||
| 020 | _a9788197856068 (hbk ) | ||
| 024 | _cTB | ||
| 040 |
_aCRL _bpun _cCRL |
||
| 041 | _apun | ||
| 100 |
_aਕਸ਼ੀਫ, ਗੁਰਪ੍ਰੀਤ ਸਿੰਘ _9850865 |
||
| 245 | _aਨਿਉ ਵਰਲਡ ਆਰਡਰ | ||
| 246 | _aNew World Order/Gurpreet Singh kashif, | ||
| 260 |
_aBandra, Mumbai; _bWhite Crow Publishers, _c2025. |
||
| 300 | _a159p. | ||
| 365 |
_b299.00 _cINR |
||
| 600 | _2Generalia | ||
| 942 |
_cTB _2CC _hz7 153R5 |
||
| 999 |
_c1465299 _d1465299 |
||